Hypovolemický šok a hypernatremická dehydratace při rotavirové gastroenteritidě

Bibliographic Details
Main Author: Táborská, J. (Author)
Format: Article
Language:Czech

MARC

LEADER 00000nab a2200000uu 4500
001 vtls011139003
003 SK-MaSNL
005 20260303131258.0
008 230218|1998 xo |||||||||||||||||cze|
015 |a SNBRB 
035 |a (urnnbn)urn:nbn:sk:snk:ar-007w6e 
035 |a (uuid)490f77a2-d628-41d5-96d5-9e614fb10559 
035 |a urn:nbn:sk:snk-abar9o 
040 |a SNKBUCL  |b slo  |c SNKBUCL  |e AACR2 
041 0 |a cze 
044 |a xo  |c SK 
100 1 |a Táborská, J.  |4 aut  |9 1147080 
245 1 0 |a Hypovolemický šok a hypernatremická dehydratace při rotavirové gastroenteritidě  |c J. Táborská 
773 0 |t Československá pediatrie : časopis Pediatrické společnosti časopis Československé pediatrické společnosti, sekce Československé lékařské společnosti J.E. Purkyně ; časopis České a Slovenské pediatrické společnosti  |g Roč. 53, č. 2 (1998), s. 99-102 
954 |a odborná, vedecká literatúra cudzojazyčná (svetová)  |2 lita 
958 |a OND 
958 |a EUIPO 
958 |a article14 
999 |c 1944421  |d 1946351